000 00578cam a2200205ua 4500
001 1624
008 110805n ii |||gr||||Z||||||eng
020 _a0-7069-4579-4
040 _cMAIN
082 _a330.9
100 _aSharma, T. C.,
_eAuthor.
245 1 _aEconomic and comercial geography of india
_cby T. C. Sharma
250 _a3rd.
260 _aNew Delhi:
_bVikas Publishing House pvt. ltd.,988.
300 _axxii; 392p:
_bill;
_c25cm.
653 _aEconomics
653 _aEconomic and comercial geography of india
700 _aCoutinho, O,
_eAuthor.
942 _cBK
999 _c1511
_d1511